000 00670nam a2200241 i 4500
001 C2-0308917
003 PPAK
005 20180728095834.0
008 110518s2007 ii a|||| ||||| | eng d
020 _a9834134126
040 _aPPAK
_beng
_cPPAK
_erda
082 0 4 _a133.333
_223
090 0 0 _a133.333
_bSUL
_dKMI
100 1 _aSelva, T.,
_eauthor
245 1 0 _aVasthu sastra guide :
_bIndian feng shui
264 1 _aIndia :
_bMaster Yuvaraj Sowma ,
_c2007
300 _axvi, 304 pages :
_bcolour illustrations ;
_c23 cm
336 _2rdacontent
_atext
337 _2rdamedia
_aunmediated
338 _2rdacarrier
_avolume
650 1 0 _aVastu.
942 _ddc
_cB
999 _c111484
_d111484